000 00644nam a2200205 i 4500
001 40097
003 ES-MaACL
005 20230906160137.0
007 t|
008 030305s1965 sp ||||1| cat d
100 1 _aCanyameres, Ferran.
_9181837
245 1 0 _aDe Paris, el fel i la mel /
_cmemories de Ferran Canyameres ; dibuixos originals de Josep Mª Casablancas.
250 _a[1ª ed.].
260 _aBarcelona, etc. :
_bBruguera,
_c1965.
300 _a278 p., 8 lám. :
_bil. ;
_c23 cm.
700 1 _aCasablancas, Josep María.
_935988
852 _aES-MaACL
_jC-27617
852 _aES-MaACL
_jC-26992
_bR.55974
999 _c40097
_d40097